000 00540nam a22001817a 4500
005 20150622161620.0
010 _aENG-113096
020 _a9788187891482
_c250.00
035 _aEN-96628
037 _bDBAD/PUB
082 _a181.41
100 _aKapoor, Madhu
245 _aThe horizon of existence :
_c by Madhu Kapoor
_ba flight of the Indian mind /
260 _bReaders Service
_c2011
_aKolkata
270 _bKolkata
_e700075
_a59/5A, Garfa Main Road
300 _avi,123p.
_c22cm(Hb)
942 _2ddc
_cEN
_mKAP
_h181.41
999 _c93777
_d93777